00503nam a22001577a 450000500170000000800410001702000150005804100120007308200140008510000230009924500650012225000200018726000790020730000340028665000250032020231027122807.0231027b |||||||| |||| 00| 0 eng d a1556815395 aEnglish a347.7 LUB aLubet, SlEnglish  aModern Trail Advocacy : bAnalysis and Practice / cS Lubet  aSecond Edition  aUnited States of America : bNational Institute for Trail Advocacy, c1997 bxxxviii, 538 pages ;c26 cm.  aLegal practice bLaw